The classical orders of architecture
Αποθηκεύτηκε σε:
| Κύριος συγγραφέας: | |
|---|---|
| Μορφή: | Βιβλίο |
| Γλώσσα: | English |
| Δημοσίευση: |
Oxford :
Butterworth Heinemann,
1995
|
| Θέματα: | |
| Ετικέτες: |
Προσθήκη ετικέτας
Δεν υπάρχουν, Καταχωρήστε ετικέτα πρώτοι!
|
MARC
| LEADER | 00000nam a2200000 i 4500 | ||
|---|---|---|---|
| 001 | 1/3743 | ||
| 008 | 960507s1995 eng d | ||
| 020 | |a 0-7506-1672-5 | ||
| 035 | |l 10015326 | ||
| 040 | |a GR-MY-UA |b gre |e aacr | ||
| 041 | 0 | |a eng | |
| 082 | 0 | |a 722.8 | |
| 100 | 1 | |a Chitham, Robert. | |
| 245 | 1 | 4 | |a The classical orders of architecture / |c Robert Chitham |
| 260 | |a Oxford : |b Butterworth Heinemann, |c 1995 | ||
| 300 | |a 160 p. |b fig. | ||
| 650 | 0 | 0 | |a Architecture, Ancient. |
| 650 | 0 | 0 | |a Architecture, Classical. |
| 852 | |a INST |b LESVOS |e 19960507 |h 722.8 CHI |p 005100010592 |q 005100010592 |t BK |y 0 | ||
| 909 | |a Λ |b 044736 | ||
| 950 | |a 130/1995-10-24 | ||